European Competitions Top 5 Scorers: 2012/13 - Statistics

General Stats
  • This quiz has been taken 2 times
  • The average score is 7 of 10
Answer Stats
Competition Goals Club Nationality Player % Correct
Champions League 12 Real Madrid Portugal Cristiano Ronaldo
100%
Europa League 7 Napoli Uruguay Edinson Cavani
100%
Europa League 6 Chelsea Spain Fernando Torres
100%
Champions League 8 Barcelona Argentina Lionel Messi
100%
Champions League 10 Borussia Dortmund Poland Robert Lewandowski
100%
Champions League 8 Bayern Munich Germany Thomas Muller
100%
Champions League 8 Galatasaray Turkey Burak Yilmaz
50%
Europa League 8 Lazio Czechia Libor Kozak
0%
Europa League 7 Benfica Paraguay Oscar Cardozo
0%
Europa League 6 Inter Argentina Rodrigo Palacio
0%
No matching quizzes found
Score Distribution
Percent of People with Each Score
Percentile by Number Answered
Your Score History
You have not taken this quiz